Legal mechanisms (Record no. 74755)

MARC details
000 -LEADER
fixed length control field 01334cab a2200229 4500
001 - CONTROL NUMBER
control field ABS68632
008 - FIXED-LENGTH DATA ELEMENTS--GENERAL INFORMATION
fixed length control field 050125n2005 000 0 eng u
035 ## - SYSTEM CONTROL NUMBER
System control number (Sirsi) u128610
100 ## - MAIN ENTRY--PERSONAL NAME
Personal name Everton, R.
245 ## - TITLE STATEMENT
Title Legal mechanisms
260 ## - PUBLICATION, DISTRIBUTION, ETC.
Date of publication, distribution, etc. 2005
490 ## - SERIES STATEMENT
Series statement Fire Engineers' Journal
Volume/sequential designation 65(252) January 2005, 14-17(4)
520 ## - SUMMARY, ETC.
Summary, etc. Discusses the problems and the implementation of the proposed Regulatory Reform (Fire Safety) Order in England and Wales. The main ideas of the proposals are to simplify the law by incorporating existing provisions in the regime. Notes that weaknesses within the proposed Order have already been mentioned by the House of Lords Delegated Powers and Regulatory Reform Committe and the House of Commons Regulatory Reform Committee. Concentrates on two of the main problem areas: that of implementation of the Order and its emforcement. One of the criticisms is that the Order is cast in over general terms and lacks the mechanisms in its provisions to be put into practice.
590 ## - LOCAL NOTE (RLIN)
Local note ABS
650 ## - SUBJECT ADDED ENTRY--TOPICAL TERM
Topical term or geographic name entry element RISK MANAGEMENT
650 ## - SUBJECT ADDED ENTRY--TOPICAL TERM
Topical term or geographic name entry element MANAGEMENT-HEALTH AND SAFETY-FIRE SAFETY
650 ## - SUBJECT ADDED ENTRY--TOPICAL TERM
Topical term or geographic name entry element REGULATORY REFORM ACT 2001
650 ## - SUBJECT ADDED ENTRY--TOPICAL TERM
Topical term or geographic name entry element REGULATORY REFORM (FIRE SAFETY) ORDER 2005
650 ## - SUBJECT ADDED ENTRY--TOPICAL TERM
Topical term or geographic name entry element FIRE PRECAUTIONS (WORKPLACE) REGULATIONS 1997
690 ## - LOCAL SUBJECT ADDED ENTRY--TOPICAL TERM (OCLC, RLIN)
Topical term or geographic name as entry element Health and safety
9 (RLIN) 6244
942 ## - ADDED ENTRY ELEMENTS (KOHA)
Suppress in OPAC 0
Holdings
Withdrawn status Lost status Source of classification or shelving scheme Damaged status Not for loan Home library Current library Shelving location Date acquired Total Checkouts Full call number Barcode Date last seen Copy number Price effective from Koha item type
    Dewey Decimal Classification     London London Journal article 25/01/2005   ABS68632 128610-1001 06/08/2019 1 06/08/2019 Journal article